000
00298nam a2200121Ia 4500
008
220204s9999 xx 000 0 und d
082
_a
54-14
_b
WAT
100
_a
McGee, I J
245
0
_a
Liquid state chemical physics
260
_a
New York
_b
John Wiley
_c
1976
700
_a
Watts, R O
942
_c
BK
999
_c
25714
_d
25714